<?xml version="1.0" encoding="UTF-8"?>
<record
    xmlns:xsi="http://www.w3.org/2001/XMLSchema-instance"
    xsi:schemaLocation="http://www.loc.gov/MARC21/slim http://www.loc.gov/standards/marcxml/schema/MARC21slim.xsd"
    xmlns="http://www.loc.gov/MARC21/slim">

  <leader>01332nam a22001577a 4500</leader>
  <datafield tag="999" ind1=" " ind2=" ">
    <subfield code="c">39629</subfield>
    <subfield code="d">39629</subfield>
  </datafield>
  <datafield tag="020" ind1=" " ind2=" ">
    <subfield code="a">9781639892273</subfield>
  </datafield>
  <datafield tag="082" ind1=" " ind2=" ">
    <subfield code="a">025.3</subfield>
    <subfield code="b">JIM-F</subfield>
  </datafield>
  <datafield tag="100" ind1=" " ind2=" ">
    <subfield code="a">Jimenez, Landen</subfield>
    <subfield code="e">Author.</subfield>
  </datafield>
  <datafield tag="245" ind1=" " ind2=" ">
    <subfield code="a">Fundamentals of Library Cataloging/</subfield>
    <subfield code="c">Landen Jimenez</subfield>
  </datafield>
  <datafield tag="260" ind1=" " ind2=" ">
    <subfield code="a">New York:</subfield>
    <subfield code="b">States Academic Press,</subfield>
    <subfield code="c">2022</subfield>
  </datafield>
  <datafield tag="300" ind1=" " ind2=" ">
    <subfield code="a">245p.</subfield>
  </datafield>
  <datafield tag="520" ind1=" " ind2=" ">
    <subfield code="a">The sub-discipline of information organization which deals with the processes related to the creation and maintenance of bibliographic and authoritative records is called library cataloguing. These records may contain details of books, sound recordings, cartographic materials, images and e-resources which are owned by the library. Catalogs can be of tangible nature such as card catalogs or may possess a digital form like online public access catalogs. The major steps involved in the creation of a library catalog are descriptive cataloging, subject cataloging and authority control. The topics covered in this extensive book deal with the core subjects of library cataloguing. Different approaches, evaluations and methodologies and advanced studies on library cataloguing have been included herein. This book will serve as a valuable source of reference for those interested in this field.</subfield>
  </datafield>
  <datafield tag="650" ind1=" " ind2=" ">
    <subfield code="a">Cataloging</subfield>
    <subfield code="v">Library</subfield>
    <subfield code="z">India</subfield>
  </datafield>
  <datafield tag="650" ind1=" " ind2=" ">
    <subfield code="a">E-resources</subfield>
    <subfield code="v">Cartographic materials</subfield>
  </datafield>
  <datafield tag="942" ind1=" " ind2=" ">
    <subfield code="2">ddc</subfield>
    <subfield code="c">BK</subfield>
  </datafield>
  <datafield tag="952" ind1=" " ind2=" ">
    <subfield code="0">0</subfield>
    <subfield code="1">0</subfield>
    <subfield code="4">0</subfield>
    <subfield code="7">0</subfield>
    <subfield code="a">NASSDOC</subfield>
    <subfield code="b">NASSDOC</subfield>
    <subfield code="d">2024-03-22</subfield>
    <subfield code="e">Ahuja Book Company PVT.  LTD. </subfield>
    <subfield code="g">8346.33</subfield>
    <subfield code="i">21-03-2024</subfield>
    <subfield code="l">0</subfield>
    <subfield code="o">025.3 JIM-F</subfield>
    <subfield code="p">54508</subfield>
    <subfield code="r">2024-05-22 00:00:00</subfield>
    <subfield code="v">12840.52</subfield>
    <subfield code="w">2024-05-22</subfield>
    <subfield code="y">BK</subfield>
  </datafield>
</record>
